Word Ladder: Counterfeit Quiz Stats

 Plays Quiz Updated May 3, 2018

Score 0/32 Timer 04:00
0 Plays Today
Clue 4-Letter Word % Correct
Open-hand hitSLAP
97.4%
Nose locationFACE
97%
Sugary birthday treatCAKE
96.7%
Superficial✦FAKE✦
96.2%
Contest of speedRACE
96%
Limping man's aidCANE
95.5%
Spine's locationBACK
95.5%
DrenchSOAK
95.4%
Cleansing agentSOAP
95.2%
Yogi or Smokey, e.g.BEAR
94.8%
Bike securer LOCK
94.8%
Bird's billBEAK
94.5%
SlideSLIP
94.2%
At one's ___ and callBECK
93.9%
To be withoutLACK
93.7%
Shut violentlySLAM
93.6%
Clue 4-Letter Word % Correct
Turn overFLIP
93.5%
Main component of paellaRICE
93.2%
It keeps your sole warmSOCK
93.2%
Traffic markerCONE
91.7%
Cook the surface ofSEAR
91.5%
AgreeableNICE
89.9%
Shaving cutNICK
89.6%
Injury's reminderSCAR
88.8%
Fraud✦SCAM✦
87.3%
Load an arrowNOCK
84.6%
Swindles✦CONS✦
81.4%
Phoney✦MOCK✦
75.4%
Shalhoub's TV showMONK
74.5%
Mars Volcano, Olympus _____MONS
70.6%
With last rung, bamboozle✦FLIM✦
61.6%
With first rung, bamboozle✦FLAM✦
61.3%

Today's Daily Dose

You're not logged in!

Compare scores with friends on all Sporcle quizzes.
OR
Log In

Show Comments

Extras

Top Quizzes Today


Score Distribution

Your Account Isn't Verified!

In order to create a playlist on Sporcle, you need to verify the email address you used during registration. Go to your Sporcle Settings to finish the process.

Report this User

Report this user for behavior that violates our Community Guidelines.

Details: